Quiz #1 - 100% logique - Statistiques

Statistiques générales
  • Ce quiz a été pris 909 fois
    906 depuis la dernière actualisation
  • Le résultat moyen est 13 sur 20
Statistiques - réponses
Questions Réponses % Correct
Si Robert aime le camembert, Henriette aime la crevette, alors Hervé aime : le citron, le fromage ou le navet ? Le navet Explication : Ils aiment tous un aliment qui rime avec leur prénom. Robert aime le camembert, Henriette aime la crevette, et donc Her aime le navet.
81%
Sachant qu'il faut 3 minutes pour faire cuire un œuf à la coque, combien de temps faut-il au minimum pour faire cuire quatre œufs à la coque ? 3 minutes Explication : Les œufs n'ont pas besoin d'être cuits les uns après les autres. On peut les plonger tous ensemble dans l'eau bouillante. Le temps de cuisson reste donc le même, d'où 3 minutes.
79%
Quel animal complète cette suite logique : araignée, bison, chien, dauphin ? Sauterelle, ou écureuil ? Écureuil Explication : La suite suit l'ordre alphabétique (Araignée, Bison, Chien, Dauphin, donc Écureuil).
79%
Combien y a-t-il de mots différents dans ce célèbre refrain : " Que je t'aime, que je t'aime, que je t'aime. Que je t'aime, que je t'aime, que je t'aime " ? 4 Explication : Les 4 mots différents sont : "Que" / "Je" / " t' " / "aime".
76%
Sur le principe qu'une semaine commence le lundi et se termine le dimanche, en mettant dans l'ordre alphabétique les jours de la semaine, lequel ne changera pas de place ? Samedi Explication : En classant les jours de la semaine par ordre alphabétique, cela donne : " Dimanche / Jeudi / Lundi / Mardi / Mercredi / Samedi / Vendredi ".
76%
Une raquette et une balle de ping-pong valent 11 €. La raquette vaut 9 € de plus que la balle. Quel est le prix de la balle ? 1 € Explication : La raquette vaut 10 € et la balle coûte 1 €. La raquette coûte donc bien 9 € de plus que la balle. Explication bis : En langage mathématique, cette énigme peut aussi se résoudre via les équations : x + y = 11 et x = y + 9 (où "x" est le prix de la raquette et "y" le prix de la balle). Par substitution, on a alors : (y + 9) + y = 11, d'où 2y = 11 - 9, d'où 2y = 2, d'où y = 1.
75%
Combien de fois au minimum faut-il trancher un gâteau classique pour obtenir huit parts égales ? 3 fois Explication : Deux fois de façon classique pour obtenir quatre parts égales, et une fois sur la tranche dans toute sa longueur.
75%
Quel nombre complète cette suite logique : 5 - 8 - 6 - 9 - 7 - ? 10 Explication : Entre 5 et 8, il faut ajouter 3. Puis soustraire 2 pour arriver à 6. Ajouter 3 pour faire 9, puis déduire 2 pour avoir 7 et ainsi de suite. Il faut donc ajouter 3 à 7, d'où 10.
74%
Lors d'un tournoi de football, votre équipe se classe 7° en partant du haut et 7° en partant du bas. Combien d'équipes ont participé au tournoi ? 13 Explication : 6 équipes ont fait mieux que la vôtre et 6 ont fait pire. Donc, avec la vôtre, cela fait bien 13 équipes qui ont participé.
74%
Un bateau a une échelle de corde qui pend d'un côté. Le bas de l'échelle pend à 20 cm au-dessus de l'eau. Si l'eau monte de 10 cm, quelle est alors la distance entre l'eau et le bas de l'échelle ? 20 cm Explication : Si l'eau monte, le bateau monte aussi. La distance reste donc la même, d'où 20 cm.
70%
Quelle lettre doit-on ajouter à " IX " pour pouvoir lire 6 ? La lettre S Explication : En ajoutant la lettre "S" devant "IX", on lit bien 6.
65%
Qu'est-ce qui se produit une fois dans un "mur", deux fois dans une "musique" et trois fois dans la "tunique bleue" ? La lettre U Explication : Il y a un "u" dans "mur", deux dans "musique" et trois dans "tunique bleue".
61%
Quand son père avait 42 ans, Jérôme avait 9 ans. Aujourd’hui, son père a le double de l’âge de son fils. Quel âge a Jérôme ? 33 ans Explication : Jérôme et son père ont 33 ans de différence (42 - 9). Aujourd'hui, son père a le double de l'âge de son fils. Cela signifie donc que le père a 66 ans, et que Jérôme en a 33.
59%
Quel chiffre complète cette suite logique : 100 - 11 - 9 - 8 - 7 - ? 5 Explication : Tous les nombres proposés s'écrivent en quatre lettres (Cent, Onze, Neuf, Huit, Sept, donc Cinq).
59%
Si Jonathan est 3, Sébastien est 9 et Lucien est 6, quel chiffre doit alors être associé à Alexandre ? 6 Explication : Le chiffre correspond à la place de la lettre "N" dans le prénom de chacun, donc Alexandre doit être associé au chiffre 6.
52%
Quelle lettre complète cette suite logique : D - N - H - S - S - C - Q - ? T Explication : Les lettres sont les initiales des chiffres dans l'ordre décroissant (Dix, Neuf, Huit, Sept, Six, Cinq, Quatre, donc Trois).
49%
Quel outil peut-on lire ici : o o o o o o ? Ciseau Explication : En lisant cette suite à voix haute, cela donne "6 o" ↔ "ciseau".
46%
Sur un réveil digital classique, à quelle heure la somme des quatre chiffres sera-t-elle la plus élevée ? 19h59 Explication : La somme des quatre chiffres donne 24 (contre 19 pour "23h59" par exemple).
43%
Quel outil de 5 lettres est caché dans la phrase suivante : "Depuis le haut du sapin ce nid de mouettes faisait le bonheur du paysage" ? Pince Explication : "Depuis le haut du sa(pin ce) nid de mouettes faisait le bonheur du paysage".
34%
Cette liste de footballeurs en cache un autre, lequel : Bixente Lizarazu, Antoine Griezmann, Raphaël Varane, Thierry Henry, Hugo Lloris, Éric Cantona et Zinédine Zidane ? Barthez Explication : Les premières lettres de tous les prénoms des footballeurs forment le nom de l'ancien gardien de but français : Fabien Barthez.
29%
Aucun quiz correspondant
Distribution des résultats
% des personnes avec chaque résultat
Percentile par nombre de réponses
Votre historique - résultats
Vous n’avez pas pris ce quiz depuis la dernière actualisation